| 000 | 00466nam a2200169Ia 4500 | ||
|---|---|---|---|
| 005 | 20250522133139.0 | ||
| 008 | 231217s9999 xx 000 0 und d | ||
| 020 | _a9780596002978 | ||
| 082 | _a001.6424WIN HUN;2 R | ||
| 100 | _aHunt, Craig. | ||
| 245 | 0 | _aTCP/IP network administration | |
| 250 | _a3rd ed. | ||
| 260 |
_c2002 _bO'Reilly and Associates _aSebastpol |
||
| 300 | _axviii, 394 | ||
| 650 | _aWindows,NT,TCP/IP,network,administration | ||
| 942 | _cAA | ||
| 999 |
_c193247 _d193247 |
||